00844 a2200181 4500003000500000005001700005040000900022082001400031100002700045245004800072260006000120300002600180505026400206650003800470942001200508999001900520952012300539Nust20230306112408.0 cNust a305.4,PAT aRashida Patel.9109816 aWomen and law in Pakistan /cRashida Patel. aKarachi : Faiza Publishers,b Faiza Publishers,c 1979. axxxii, 194 p.b23 cm. aNeed for Reforms (Paeg-1), A Girl Child is Born (Paeg-24), Marriage-Nikah (Paeg-43), Husband and Wife (Paeg-66), Polygamy (Paeg-88), Taliq,Taliq,Taliq (Paeg-98), Divorce by Wife (Paeg-116), Inheritance (Paeg-138), Matrimonial and Family Law Courts (Paeg-156). aWomen and law in Pakistan9109817 2ddccBK c184735d184735 00102ddc4070aMCSbMCScGENd2016-12-12o305.4,PATpMCS20993r2016-12-08w2016-12-12yBKzAlmirah No.73, Shelf No.4